<?xml version='1.0' encoding='UTF-8'?><?xml-stylesheet href='static/style.xsl' type='text/xsl'?><OAI-PMH xmlns="http://www.openarchives.org/OAI/2.0/" xmlns:xsi="http://www.w3.org/2001/XMLSchema-instance" xsi:schemaLocation="http://www.openarchives.org/OAI/2.0/ http://www.openarchives.org/OAI/2.0/OAI-PMH.xsd"><responseDate>2026-05-02T12:24:38Z</responseDate><request verb="GetRecord" identifier="oai:ebiltegia.mondragon.edu:20.500.11984/6765" metadataPrefix="marc">https://ebiltegia.mondragon.edu/oai/request</request><GetRecord><record><header><identifier>oai:ebiltegia.mondragon.edu:20.500.11984/6765</identifier><datestamp>2024-11-09T07:15:31Z</datestamp><setSpec>com_20.500.11984_473</setSpec><setSpec>col_20.500.11984_476</setSpec></header><metadata><record xmlns="http://www.loc.gov/MARC21/slim" xmlns:dcterms="http://purl.org/dc/terms/" xmlns:xsi="http://www.w3.org/2001/XMLSchema-instance" xmlns:doc="http://www.lyncode.com/xoai" xsi:schemaLocation="http://www.loc.gov/MARC21/slim http://www.loc.gov/standards/marcxml/schema/MARC21slim.xsd">
   <leader>00925njm 22002777a 4500</leader>
   <datafield ind2=" " ind1=" " tag="042">
      <subfield code="a">dc</subfield>
   </datafield>
   <datafield ind2=" " ind1=" " tag="720">
      <subfield code="a">Madinabeitia, Monika</subfield>
      <subfield code="e">author</subfield>
   </datafield>
   <datafield ind2=" " ind1=" " tag="260">
      <subfield code="c">2024</subfield>
   </datafield>
   <datafield ind2=" " ind1=" " tag="520">
      <subfield code="a">Thousands of individuals have left the Basque Country, Euskal Herria, throughout its&#xd;
history. In the US West they encountered a language barrier, which had an effect on their&#xd;
relationships and ability to settle in the host nation. Conversely, their educated children&#xd;
spoke English fluently, which accelerated their integration into mainstream America.&#xd;
Euskara, the Basque language, disappeared from many households as an outcome of this&#xd;
assimilation. This essay explores the history of Basque emigration and settlement in the&#xd;
region, the relationship between Euskara and the American West since the 19th century, and&#xd;
highlights some of the ongoing initiatives to advance Euskara and its usage in the region.&#xd;
Keywords: Basque, Settlement, Immigration, Euskaldun</subfield>
   </datafield>
   <datafield ind2=" " ind1=" " tag="520">
      <subfield code="a">Miles de personas han abandonado el País Vasco, Euskal Herria, a lo largo de su historia. En&#xd;
el oeste estadounidense se encontraron con la barrera lingüística del inglés. Por el contrario,&#xd;
sus descendientes recibieron hablaban inglés con fluidez, lo cual aceleró su integración en&#xd;
la sociedad estadounidense. El euskara, la lengua vasca, desapareció de muchos hogares&#xd;
vascos como resultado de esta asimilación. Este ensayo explora la historia de la emigración&#xd;
vasca y el asentamiento en la región, la relación entre el euskara y el oeste americano desde&#xd;
el siglo XIX, y destaca algunas de las iniciativas en curso para promover el euskara y su&#xd;
uso en la región.</subfield>
   </datafield>
   <datafield ind1="8" ind2=" " tag="024">
      <subfield code="a">2530-8335</subfield>
   </datafield>
   <datafield ind1="8" ind2=" " tag="024">
      <subfield code="a">https://katalogoa.mondragon.edu/janium-bin/janium_login_opac.pl?find&amp;ficha_no=178450</subfield>
   </datafield>
   <datafield ind1="8" ind2=" " tag="024">
      <subfield code="a">https://hdl.handle.net/20.500.11984/6765</subfield>
   </datafield>
   <datafield tag="653" ind2=" " ind1=" ">
      <subfield code="a">Basque</subfield>
   </datafield>
   <datafield tag="653" ind2=" " ind1=" ">
      <subfield code="a">Settlement</subfield>
   </datafield>
   <datafield tag="653" ind2=" " ind1=" ">
      <subfield code="a">Immigration</subfield>
   </datafield>
   <datafield tag="653" ind2=" " ind1=" ">
      <subfield code="a">Euskaldun</subfield>
   </datafield>
   <datafield tag="653" ind2=" " ind1=" ">
      <subfield code="a">Euskera</subfield>
   </datafield>
   <datafield tag="653" ind2=" " ind1=" ">
      <subfield code="a">Asentamiento</subfield>
   </datafield>
   <datafield tag="653" ind2=" " ind1=" ">
      <subfield code="a">Inmigración</subfield>
   </datafield>
   <datafield tag="653" ind2=" " ind1=" ">
      <subfield code="a">Euskaldun</subfield>
   </datafield>
   <datafield ind2="0" ind1="0" tag="245">
      <subfield code="a">Basques in the West: Euskara Jalgi Hadi Mundura</subfield>
   </datafield>
</record></metadata></record></GetRecord></OAI-PMH>